Car Models by Picture #26 - Statistics

General Stats
  • This quiz has been taken 67 times
  • The average score is 5 of 12
Answer Stats
Picture Hint Answer % Correct
Renault 5 E-Tech
61%
Citroën C1
59%
Honda CR-V
56%
Volkswagen Bora
54%
BMW 1 Series
48%
Maserati Levante
48%
Toyota Tacoma
46%
Lotus Exige
41%
Volvo Amazon
30%
Suzuki Alto
24%
Ariel Nomad
24%
Lexus UX
20%
No matching quizzes found
Score Distribution
Percent of People with Each Score
Percentile by Number Answered
Your Score History
You have not taken this quiz